Direitos do Povo

Detalles Bibliográficos
Autor principal: Castro, Ramsš Maciel de
Formato: eBook
Lenguaje:portugués
Publicado: San Pablo: Letras Jurídicas Editora, 2015
Materias:
Acceso en línea:Acceso restringido

MARC

LEADER 00000nam a22000007a 4500
005 20200720225338.0
007 cr|||| ||||
008 200720s2015 br |||||s|||| 00||0 por d
020 |a 978-85-8248-054-0 
035 |a 31819 
040 |a vLex 
090 |c 10652  |d 10652 
100 1 |a Castro, Ramsš Maciel de 
245 1 0 |a Direitos do Povo  |h [Recurso electrn̤ico] /  |c Ramsš Maciel de Castro 
256 |a Servicio en ln̕ea 
260 |a San Pablo:  |b Letras Jurídicas Editora,  |c 2015 
300 |a 1 recurso electrn̤ico 
500 |a "Direitos do povo: os direitos que voc ̊precisa conhecer" consiste em nobils̕sima obra de cart̀er de inclusô social, que tem por objetivo informar aos cidadôs brasileiros, especialmente aos nô profissionais do Direito, os seus direitos bs̀icos, de um modo amplo e sem muita complexidade, valendo-se de uma linguagem bem fc̀il. Procura-se,portanto, a democratizaȯ̂ do Direito e a popularizaȯ̂ do linguajar jurd̕ico. Nô se trata de um livro jurd̕ico, com discusse̳s sobre doutrinas e jurisprudn̊cias, mas sim um livro informativo, que indica para os cidadôs os seus direitos previstos na legislaȯ̂ nacional. Essa ̌uma obra para todos os brasileiros nô juristas! O livro traz informaė̳s sobre quais direitos temos em vr̀ias r̀eas do Direito: Direitos Constitucionais Fundamentais,Administrativo,Civil (Faml̕ia, Contratos, Posse, Propriedades, Indenizaė̳s), Penal,Consumidor, Trabalhista, Previdencir̀io (Benefc̕ios do INSS), Tributr̀io,Crianȧs e Adolescentes, entre outras, falando, inclusive, de instituiė̳s, como o Ministřio Pb︢lico e a Defensoria Pb︢lica, bem como da funȯ̂ da advocacia. 
506 1 |a Disponible solo en los productos indicados  |d vLex Global  |d vLex Global (Academic Edition, excluding Law Schools)  |d vLex Global (U.S. Academic Edition, Law Schools)  |d vLex Global (U.S. Academic Edition, excluding Law Schools)  |d vLex Global (Academic Edition, Law Schools) 
650 0 4 |a Derecho Constitucional  |z Brasil 
740 0 |a vLex Libros (Servicio en ln̕ea) 
856 4 0 |u http://vlex.com/source/direitos-do-povo-31819  |z Acceso restringido 
942 |c BOOK 
999 0 |a Constitutional right